000 00672nam a22002297a 4500
005 20220521100158.0
008 220521b ||||| |||| 00| 0 eng d
020 _a8187553197
040 _cAL
041 _aEnglish
082 _223
_a300
_bGILF
100 _aK P S Gill and others
_938351
245 _aFaultlines: Writings on Conflict and Resolution Vol 19
260 _aNew Delhi
_bThe Institute for Conflict Management
_c2008
300 _av,156 p.
_bPB
_c21.5x13.5 cm.
650 _aFaultlines
_938352
650 _aConflict
_938353
650 _aResolution
_938354
700 _aGILL (K P S) Ed
_938355
700 _aSAHNI (AJAI) Ed
_938356
942 _2ddc
_cGF
999 _c223049
_d223049